000 00972nam0a22002531i 4500
001 rc\3951067
005 20240724173633.0
021 _aRU
_b[56-4687]
035 _a(NLR Aleph) 008044527
090 _a8902621
_c8902621
100 _a20130415d1955 |||y0rusy50 ca
101 0 _arus
102 _aRU
105 _ay d |||||
200 1 _aИнфаркт миокарда
_e(Особенности этиопатогенеза, клинич. течения и последствий его)
_eАвтореферат дис. на соискание учен. степени кандидата мед. наук
_fТбил. гос. мед. ин-т
210 _aОдесса
_d1955
215 _a16 с.
_d20
300 _aПеред загл. авт.: врач Г.И. Шмальц
606 _aМиокард
_xИнфаркт
_2psbo
700 1 _aШмальц
_bГ.И.
801 0 _aRU
_bNLR
_gpsbo
801 1 _aRU
_bELAR
_2rusmarc
852 _aNLR
_jМд30 Г-4/1539
942 _cBOOK